000 01761cam a22003978i 4500
001 20942241
003 JO-AjAnu
005 20240430130706.0
008 190419s2019 enk b 001 0 eng
010 _a 2019017065
020 _a9781138488656 (hardback : alk. paper)
020 _a9781138488663 (pbk. : alk. paper)
035 _a(DNAL)1400423
040 _aDNAL/DLC
_beng
_erda
_cDNAL
_dJO-AjAnu
041 0 _aeng
_heng
042 _apcc
050 0 0 _aHD9000.5
_b.R5792 2019
070 0 _aHD9000.5
_b.R634 2019
082 0 0 _a338.1
_223
100 1 _aRoche, Julian,
_eauthor.
245 1 0 _aAgribusiness :
_ban international perspective /
_cJulian Roche.
263 _a1909
264 1 _aAbingdon, Oxon ;
_aNew York, NY :
_bRoutledge,
_c2019.
300 _apages cm
336 _atext
_2rdacontent
337 _aunmediated
_2rdamedia
338 _avolume
_2rdacarrier
504 _aIncludes bibliographical references and index.
505 0 _aThe need for agribusiness -- Agricultural economics -- International agricultural trade -- The role of technology -- Farm management -- The agricultural value chain -- Agribusiness corporates -- Risk management for agribusiness -- Agribusiness lending -- Agribusiness trade finance -- Agribusiness marketing -- Private equity and venture capital investment in agribusiness -- Listed investments in agribusiness -- Conclusions.
650 0 _aAgricultural industries.
650 0 _aAgriculture
_xEconomic aspects.
776 0 8 _iOnline version:
_aRoche, Julian, author.
_tAgribusiness
_dAbingdon, Oxon ; New York, NY : Routledge, 2019
_z9781351039741
_w(DLC) 2019019819
906 _a7
_bcbc
_corignew
_d1
_eecip
_f20
_gy-gencatlg
942 _2lcc
_cBK
_n0
999 _c33477
_d33477